Carolina Panthers Trivia - Statistics

General Stats
  • This quiz has been taken 148 times
  • The average score is 5 of 6
Answer Stats
Hint Answer % Correct
How many superbowl appearances 2
96%
When did they join the NFL 1995
86%
Who is their starting WR D.J. Moore
82%
What is there stadium name Bank Of America Stadium
67%
Who is the Carolina Panthers owner David Tepper
67%
Who is there RB (2022) Christian Mccaffrey
57%
No matching quizzes found
Score Distribution
Percent of People with Each Score
Percentile by Number Answered
Your Score History
You have not taken this quiz